| 000 | 00966cam a2200277 a 4500 | ||
|---|---|---|---|
| 001 | 13652444 | ||
| 003 | OSt | ||
| 005 | 20230602100735.0 | ||
| 008 | 040430s2002 ke a 000 0 eng | ||
| 010 | _a 2004360237 | ||
| 020 | _a1899805109 | ||
| 035 | _a(DLC) 2004360237 | ||
| 040 |
_aDLC _cDLC _dDLC |
||
| 042 | _alcode | ||
| 043 | _af-ke--- | ||
| 082 | 0 | 0 |
_a342.676202/9 _222 _bKIH |
| 100 | 1 | _aKihoro, Wanyiri. | |
| 245 | 1 | 2 |
_aA vision of the future from the past : _bessential public documents in the making of the new Kenya constitution / _cedited with commentary by Wanyiri Kihoro ; foreword by S. Amos Wako. |
| 260 |
_aNairobi, Kenya : _bABANTU for Development, _cc2002. |
||
| 300 |
_aviii, 128 p. : _bcol. ill. ; _c25 cm. |
||
| 650 | 0 |
_aConstitutional history _zKenya _vSources. |
|
| 710 | 2 | _aABANTU for Development. | |
| 906 |
_a7 _bcbc _corigode _d3 _encip _f20 _gy-gencatlg |
||
| 942 |
_2ddc _cBK |
||
| 999 |
_c47 _d47 |
||